Differential Scanning Calorimetry : An Introduction for Practitioners /

Guardado en:
Detalles Bibliográficos
Autores principales: Höhne, G.W.H (Autor), Hemminger, W.F (Autor), Flammersheim, H.-J (Autor)
Formato: Libro
Lenguaje:inglés
Publicado: Berlin : Springer Verlag, 2003
Edición:2nd rev. and enl. ed.
Materias:
Acceso en línea:OBSAH
Etiquetas: Agregar Etiqueta
Sin Etiquetas, Sea el primero en etiquetar este registro!

MARC

LEADER 00000nam a22000003a 4500
001 stu207275
005 20150617230057.0
008 100712s1995----gw------------------eng-d
020 |a 3-540-00467-X 
040 |a STU  |b slo 
041 0 |a eng 
044 |a gw 
080 |a 536.62  |7 stu_us_auth*stu5369 
100 1 |a Höhne, G.W.H  |4 aut 
245 1 |a Differential Scanning Calorimetry :  |b An Introduction for Practitioners /  |c [aut.]Hohne,G.W.H., Hemminger,W., Flammersheim,H.-J 
250 |a 2nd rev. and enl. ed. 
260 |a Berlin :  |b Springer Verlag,  |c 2003 
300 |a 298 s 
650 7 |a kalorimetria  |2 stusub 
650 7 |a náuka o teple  |2 stusub 
650 7 |a fyzikálna chémia  |2 stusub 
700 1 |a Hemminger, W.F.  |4 aut 
700 1 |a Flammersheim, H.-J  |4 aut 
856 4 |a https://sweb.mtf.stuba.sk/obsahy/differential_scanning_calorimetry_03  |u https://sweb.mtf.stuba.sk/obsahy/differential_scanning_calorimetry_03  |3 OBSAH 
996 |b 284M078373  |c M*12773-1  |l MMST  |s A  |a 24  |w stu207275_0001